书目信息 |
| 题名: |
抗菌性氧化锌薄膜材料
|
|
| 作者: | 徐姝颖 著 | |
| 分册: | ||
| 出版信息: | 北京 冶金工业出版社 2022.03 |
|
| 页数: | 125页 | |
| 开本: | 24cm | |
| 丛书名: | ||
| 单 册: | ||
| 中图分类: | TB383 | |
| 科图分类: | ||
| 主题词: | 抗微生物性--kang wei sheng wu xing--氧化锌--纳米材料--薄膜 | |
| 电子资源: | ||
| ISBN: | 978-7-5024-9067-6 | |
| 000 | 00817nam0 2200217 450 | |
| 001 | 011025153541 | |
| 005 | 20221025153541.0 | |
| 010 | @a978-7-5024-9067-6@dCNY56.00 | |
| 100 | @a20201004d2022 em y0chiy0120 ea | |
| 101 | 0 | @achi |
| 102 | @aCN@b110000 | |
| 105 | @aa z 000yy | |
| 106 | @ar | |
| 200 | 1 | @a抗菌性氧化锌薄膜材料@Akang jun xing yang hua xin bao mo cai liao@f徐姝颖著 |
| 210 | @a北京@c冶金工业出版社@d2022.03 | |
| 215 | @a125页@c图@d24cm | |
| 330 | @a本书阐述了ZnO薄膜的制备方法、性能及应用领域,并以减少材料表面生物被膜黏附为主要切入点,论述了不同基底材料表面ZnO薄膜的制备以及ZnO薄膜的疏水性、抑制生物被膜黏附和抗菌性能。 | |
| 606 | 0 | @a抗微生物性@Akang wei sheng wu xing@x氧化锌@x纳米材料@x薄膜 |
| 690 | @aTB383@v5 | |
| 701 | 0 | @a徐姝颖@Axu shu ying@4著 |
| 905 | @a河南城建学院图书馆@dTB383@eX808 | |
| 抗菌性氧化锌薄膜材料/徐姝颖著.-北京:冶金工业出版社,2022.03 |
| 125页:图;24cm |
| ISBN 978-7-5024-9067-6:CNY56.00 |
| 本书阐述了ZnO薄膜的制备方法、性能及应用领域,并以减少材料表面生物被膜黏附为主要切入点,论述了不同基底材料表面ZnO薄膜的制备以及ZnO薄膜的疏水性、抑制生物被膜黏附和抗菌性能。 |
| ● |
| 相关链接 |
|
|
|
正题名:抗菌性氧化锌薄膜材料
索取号:TB383/X808
 
预约/预借
| 序号 | 登录号 | 条形码 | 馆藏地/架位号 | 状态 | 备注 |
| 1 | 1588416 | 215884167 | 自科库501/501自科库 14排2列3层/ [索取号:TB383/X808] | 在馆 | |
| 2 | 1588417 | 215884176 | 自科库501/501自科库 14排2列3层/ [索取号:TB383/X808] | 在馆 |